Word Ladder: Fender Bender Quiz Stats

 Plays Quiz Updated Jul 9, 2015

Challenge
Share
Tweet
Embed
Score 0/16 Timer 02:00
0 Plays Today
Clue 5-Letter Word % Correct
Tool for fixing your hair°BRUSH°
93.9%
A body of studentsCLASS
89.8%
Puppy love°CRUSH°
88.9%
To kick the bucket or talk like a frogCROAK
84.9%
UncivilizedCRASS
83.9%
Best-selling Dave Matthews Band album°CRASH°
83.7%
A pause or time away from work°BREAK°
83.3%
Band of 'I Fought the Law' and 'London Calling'°CLASH°
82.8%
Clue 5-Letter Word % Correct
Ex-guitarist of Guns N' RosesSLASH
80.8%
Grate or squeakCREAK
77.4%
A huge success, like a Broadway show°SMASH°
74.7%
Block of baked clayBRICK
72.1%
Earthenware jarCROCK
68.4%
Painful muscle spasmCRICK
63.4%
Discourteously bluntBRUSK
57.4%
LivelyBRISK
57.3%

Today's Daily Dose

Missing Word
Entertainment M

Word Ladder
North Carolina

On This Day
January 16th II

You're not logged in!

Compare scores with friends on all Sporcle quizzes.
OR
Log In

You Might Also Like...

Show Comments

Extras

Top Quizzes Today


Score Distribution

Your Account Isn't Verified!

In order to create a playlist on Sporcle, you need to verify the email address you used during registration. Go to your Sporcle Settings to finish the process.

Report this User

Report this user for behavior that violates our Community Guidelines.

Details: